000 00790nas a2200253 i 4500
001 187548
003 ES-MaACL
005 20250217134925.0
008 171121d18971928sp ar m | |spa d
022 _a2478-2033
110 2 _aUnión Ibero-Americana.
_97037
245 1 0 _aMemoria ... /
_cUnión Ibero-Americana.
260 _aMadrid :
_bUnión Ibero-Americana,
_c[1897-1928]
300 _av. ;
_c20 y 27 cm.
310 _aAnual
597 _aVariaciones en el formato.
610 2 4 _aUnión Ibero-Americana-
_vMemorias.
_9156975
852 4 _aES-MaACL
_jT-782-F-4-6
_z(1897-99)
852 4 _aES-MaACL
_jT-1031-F-14
_z(1903)
852 4 _aES-MaACL
_j1685-F-20
_z(1924)
852 4 _aES-MaACL
_jB-271
_z(1928)
866 0 _o1897-99, 1924, 1928.
999 _c187548
_d187548